Movies Quiz

Random Movies or Letter Quiz

Last 25 Years: 'J' & 'K' Movies Quiz Stats

 Plays Quiz Updated Jan 2, 2019

Challenge
Share
Tweet
Score 0/25 Timer 08:00
5 Plays Today
% Correct
Kung Fu Panda
95.9%
Jurassic World: Fallen Kingdom
92.2%
Kill Bill Vol. 1
90.6%
Juno
90%
The King's Speech
85.8%
Kick-Ass 2
79%
Jumanji
74.7%
The Jungle Book
74%
Jerry Maguire
72.2%
Julie & Julia
67.5%
Jackass: The Movie
66.1%
Jack Frost
65.9%
Jay and Silent Bob Strike Back
59.5%
% Correct
Jack Reacher
53.2%
John Wick
49.5%
Junior
47.6%
Jackie Brown
45.5%
Jupiter Ascending
43.9%
Just Go with It
43.9%
John Tucker Must Die
41%
Kingdom of Heaven
35.6%
Kinsey
25.7%
Justice League
25%
Jawbreaker
21.9%
Keeping the Faith
19.4%

You're not logged in!

Compare scores with friends on all Sporcle quizzes.
OR
Log In

You Might Also Like...

Show Comments

Extras

Top Quizzes Today


Score Distribution

Your Account Isn't Verified!

In order to create a playlist on Sporcle, you need to verify the email address you used during registration. Go to your Sporcle Settings to finish the process.

Report this User

Report this user for behavior that violates our Community Guidelines.

Details: